[Event "Titled Tuesday intern op 29th Nov Late"]
[Site "Chess.com INT"]
[Date "2022.11.29"]
[Round "1"]
[White "Yanchenko, Roman"]
[Black "Pruess, David"]
[Result "1-0"]
[WhiteElo "2467"]
[BlackElo "2312"]
[PlyCount "49"]
[EventDate "2022.11.29"]
[EventType "swiss (blitz)"]
[EventRounds "11"]
[EventCountry "USA"]
[SourceTitle "EXT 2024"]
[Source "ChessBase"]
[SourceDate "2023.10.10"]
[SourceVersion "1"]
[SourceVersionDate "2023.10.10"]
[SourceQuality "1"]

1. d4 Nf6 2. c4 e6 3. Nf3 c5 4. Nc3 cxd4 5. Nxd4 Nc6 6. e3 d5 7. cxd5 Nxd5 8. Nxc6 bxc6 9. Bd2 Be7 10. Be2 0-0 11. 0-0 Bf6 12. Qc1 Rb8 13. Rd1 Qb6 14. Rb1 Rd8 15. Na4 Qc7 16. Qc5 Be7 17. Ba5 Nb6 18. Rxd8+ Qxd8 19. Qxc6 Bd7 20. Bxb6 Rxb6 21. Qc2 Bxa4 22. Qxa4 Qd2 23. Qxa7 Bc5 24. Qc7 Qd5 25. Rd1 1-0

[Event "I'M Not A GM Speed Chess"]
[Site "Chess.com INT"]
[Date "2022.05.25"]
[Round "1.14"]
[White "Pruess, David"]
[Black "Shuvalova, Polina"]
[Result "0-1"]
[WhiteElo "2321"]
[BlackElo "2493"]
[PlyCount "119"]
[EventDate "2022.05.09"]
[EventType "k.o. (blitz)"]
[EventRounds "4"]
[EventCountry "USA"]
[SourceTitle "CBM 209 Extra"]
[Source "ChessBase"]
[SourceDate "2022.09.30"]
[SourceVersion "1"]
[SourceVersionDate "2022.09.30"]
[SourceQuality "1"]

1. d4 Nf6 2. Nc3 d5 3. Bg5 Nbd7 4. Qd2 h6 5. Bf4 a6 6. 0-0-0 e6 7. f3 Bb4 8. a3 Ba5 9. e4 dxe4 10. b4 e3 11. Bxe3 Bb6 12. Bd3 a5 13. b5 a4 14. Nge2 Ba5 15. Qe1 Nb6 16. Bd2 Qe7 17. Kb2 c5 18. bxc6 bxc6 19. Ne4 Bxd2 20. Qxd2 0-0 21. Ka2 Ba6 22. Rb1 Nxe4 23. fxe4 Bc4+ 24. Bxc4 Qxa3+ 25. Kxa3 Nxc4+ 26. Kb4 Nxd2 27. Ra1 Rfb8+ 28. Kc3 Nxe4+ 29. Kc4 Rb2 30. Rhc1 a3 31. Nc3 Nxc3 32. Kxc3 Rb5 33. Ra2 Rg5 34. g3 Rh5 35. Rh1 Rf5 36. Rha1 Rf3+ 37. Kc4 Ra4+ 38. Kc5 Rc3+ 39. Kb6 Rxd4 40. Rxa3 Rxc2 41. Rf1 Rd7 42. h4 h5 43. Rf4 g6 44. Ra8+ Kg7 45. Rc8 Rd5 46. Rxc6 Rxc6+ 47. Kxc6 Rd3 48. g4 hxg4 49. Rxg4 Rd5 50. Rf4 Rf5 51. Rg4 e5 52. Kd5 Kf6 53. Ra4 Rh5 54. Re4 Rf5 55. Ra4 Rf4 56. Ra6+ Kg7 57. h5 f6 58. hxg6 Kxg6 59. Ra1 Kf5 60. Rg1 0-1

[Event "I'M Not A GM Speed Chess"]
[Site "Chess.com INT"]
[Date "2022.05.25"]
[Round "1.18"]
[White "Pruess, David"]
[Black "Shuvalova, Polina"]
[Result "0-1"]
[WhiteElo "2321"]
[BlackElo "2493"]
[PlyCount "92"]
[EventDate "2022.05.09"]
[EventType "k.o. (blitz)"]
[EventRounds "4"]
[EventCountry "USA"]
[SourceTitle "CBM 209 Extra"]
[Source "ChessBase"]
[SourceDate "2022.09.30"]
[SourceVersion "1"]
[SourceVersionDate "2022.09.30"]
[SourceQuality "1"]

1. e4 c6 2. Nc3 d5 3. Nf3 g6 4. d4 Bg7 5. Be3 dxe4 6. Nxe4 Nf6 7. Nxf6+ exf6 8. Bc4 0-0 9. 0-0 Nd7 10. Re1 Nb6 11. Bb3 Be6 12. Bf4 Bd5 13. c3 Qd7 14. Qd3 Qg4 15. Bg3 Rfe8 16. h3 Qd7 17. Nd2 f5 18. Nf3 Rad8 19. Be5 f6 20. Bg3 g5 21. Nd2 f4 22. Bh2 Kh8 23. f3 c5 24. dxc5 Bxb3 25. Qxd7 Nxd7 26. Nxb3 Bf8 27. Kf1 Nxc5 28. Rxe8 Rxe8 29. Rd1 Na4 30. Rd2 b6 31. Bg1 Kg7 32. Nd4 Bc5 33. Bf2 Kf7 34. Nb5 Re7 35. b3 Bxf2 36. Kxf2 Nc5 37. c4 h5 38. b4 Ne6 39. Nd6+ Kg6 40. Rd5 Rc7 41. Ke2 h4 42. Kd3 Nf8 43. Nb5 Re7 44. Rd6 Nd7 45. Nd4 Ne5+ 46. Kc3 Rc7 0-1

[Event "I'M Not A GM Speed Chess"]
[Site "Chess.com INT"]
[Date "2022.05.25"]
[Round "1.11"]
[White "Shuvalova, Polina"]
[Black "Pruess, David"]
[Result "0-1"]
[WhiteElo "2493"]
[BlackElo "2321"]
[PlyCount "118"]
[EventDate "2022.05.09"]
[EventType "k.o. (blitz)"]
[EventRounds "4"]
[EventCountry "USA"]
[SourceTitle "CBM 209 Extra"]
[Source "ChessBase"]
[SourceDate "2022.09.30"]
[SourceVersion "1"]
[SourceVersionDate "2022.09.30"]
[SourceQuality "1"]

1. e4 c5 2. Nc3 a6 3. Nge2 d6 4. g3 b5 5. Bg2 Bb7 6. 0-0 e6 7. d4 cxd4 8. Nxd4 Nf6 9. Re1 Nbd7 10. a3 Qc7 11. Be3 Be7 12. Qe2 0-0 13. Rad1 Rac8 14. f4 Rfe8 15. Kh1 Nb6 16. Bc1 Bf8 17. Nf3 Nc4 18. Rd3 e5 19. f5 d5 20. Nh4 d4 21. Nd5 Nxd5 22. exd5 Nd6 23. c3 Qc4 24. b3 Qc5 25. Bb2 Bxd5 26. Qd1 Bxg2+ 27. Kxg2 Qd5+ 28. Kg1 Be7 29. Ng2 Nxf5 30. cxd4 e4 31. Nf4 Qb7 32. Rd2 Bg5 33. Qg4 Bxf4 34. Qxf4 Qd5 35. Rde2 e3 36. Rf1 g6 37. g4 Re4 38. Qf3 Nxd4 39. Bxd4 Rxd4 40. Rxe3 Qxf3 41. Rexf3 Rxg4+ 42. Kh1 Rc7 43. Re1 Rd4 44. Re8+ Kg7 45. Re2 f5 46. Kg2 Rcd7 47. Rfe3 R4d6 48. Re8 Kf6 49. Ra8 Kg5 50. Re3 Rd2+ 51. Kh3 R2d3 52. Rxd3 Rxd3+ 53. Kg2 Rxb3 54. Rxa6 Kg4 55. Ra7 Rb2+ 56. Kg1 h5 57. Ra6 g5 58. Ra5 f4 59. Kf1 Kf3 0-1

[Event "I'M Not A GM Speed Chess"]
[Site "Chess.com INT"]
[Date "2022.05.25"]
[Round "1.13"]
[White "Shuvalova, Polina"]
[Black "Pruess, David"]
[Result "1-0"]
[WhiteElo "2493"]
[BlackElo "2321"]
[PlyCount "66"]
[EventDate "2022.05.09"]
[EventType "k.o. (blitz)"]
[EventRounds "4"]
[EventCountry "USA"]
[SourceTitle "CBM 209 Extra"]
[Source "ChessBase"]
[SourceDate "2022.09.30"]
[SourceVersion "1"]
[SourceVersionDate "2022.09.30"]
[SourceQuality "1"]

1. e4 c5 2. Nf3 d6 3. d4 cxd4 4. Nxd4 Nf6 5. Nc3 a6 6. a3 e5 7. Nf5 d5 8. Bg5 d4 9. Bxf6 Qxf6 10. Nd5 Qc6 11. Qg4 g6 12. Qg3 f6 13. Nxd4 exd4 14. Nc7+ Kf7 15. Nxa8 Bd6 16. Qd3 b5 17. Qxd4 Bb7 18. Nb6 Re8 19. 0-0-0 Bf4+ 20. Kb1 Rxe4 21. Qd5+ Qxd5 22. Nxd5 Be5 23. Ne3 Ke6 24. Bd3 Rd4 25. Rhe1 b4 26. Bc4+ Kd6 27. Rxd4+ Bxd4 28. axb4 Kc7 29. f3 Nd7 30. c3 Be5 31. Bd5 Bxh2 32. Bxb7 Kxb7 33. Rh1 Be5 1-0

[Event "I'M Not A GM Speed Chess"]
[Site "Chess.com INT"]
[Date "2022.05.25"]
[Round "1.17"]
[White "Shuvalova, Polina"]
[Black "Pruess, David"]
[Result "0-1"]
[WhiteElo "2493"]
[BlackElo "2321"]
[PlyCount "56"]
[EventDate "2022.05.09"]
[EventType "k.o. (blitz)"]
[EventRounds "4"]
[EventCountry "USA"]
[SourceTitle "CBM 209 Extra"]
[Source "ChessBase"]
[SourceDate "2022.09.30"]
[SourceVersion "1"]
[SourceVersionDate "2022.09.30"]
[SourceQuality "1"]

1. e4 c5 2. Nf3 d6 3. Bb5+ Bd7 4. a4 Nf6 5. Qe2 e6 6. 0-0 Be7 7. e5 dxe5 8. Nxe5 0-0 9. Nxd7 Nbxd7 10. Nc3 Nb6 11. a5 a6 12. axb6 axb5 13. Rxa8 Qxa8 14. Qxb5 Rc8 15. d3 Rc6 16. Bg5 Qd8 17. Na4 Nd5 18. Bxe7 Qxe7 19. b3 h5 20. Re1 h4 21. g3 h3 22. Qc4 Qg5 23. Qe4 Nxb6 24. Nxb6 Rxb6 25. Qe3 Qd5 26. Qe4 Ra6 27. Qxd5 exd5 28. Re2 Ra1+ 0-1

[Event "I'M Not A GM Speed Chess"]
[Site "Chess.com INT"]
[Date "2022.05.25"]
[Round "1.25"]
[White "Shuvalova, Polina"]
[Black "Pruess, David"]
[Result "1-0"]
[WhiteElo "2493"]
[BlackElo "2321"]
[PlyCount "113"]
[EventDate "2022.05.09"]
[EventType "k.o. (blitz)"]
[EventRounds "4"]
[EventCountry "USA"]
[SourceTitle "CBM 209 Extra"]
[Source "ChessBase"]
[SourceDate "2022.09.30"]
[SourceVersion "1"]
[SourceVersionDate "2022.09.30"]
[SourceQuality "1"]

1. e4 c5 2. Nf3 d6 3. d4 cxd4 4. Nxd4 Nf6 5. Nc3 a6 6. a4 e5 7. Nb3 Be7 8. Bg5 Be6 9. Nd2 Qc7 10. Bd3 Nc6 11. 0-0 0-0 12. Bxf6 Bxf6 13. Nd5 Bxd5 14. exd5 Ne7 15. c4 g6 16. a5 Bg7 17. b4 f5 18. Rc1 e4 19. Be2 Rae8 20. Nb3 f4 21. Bg4 Nf5 22. Re1 e3 23. Bxf5 Rxf5 24. fxe3 fxe3 25. Nd4 Bxd4 26. Qxd4 Rfe5 27. Re2 Re4 28. Qd3 Qe7 29. c5 Rxb4 30. cxd6 Qxd6 31. Rxe3 Rd8 32. Rce1 Rf4 33. Re7 Rf7 34. Rxf7 Kxf7 35. Qf3+ Kg7 36. Rd1 Qc5+ 37. Kh1 Rf8 38. Qb3 Qd6 39. h3 Rf7 40. Qc4 h5 41. Qc8 Kh7 42. Qc4 Rd7 43. Qe4 Re7 44. Qd3 Rc7 45. Rf1 Rd7 46. Rd1 Qc5 47. Qf3 Qxa5 48. d6 Qe5 49. Qf8 Qe6 50. Rf1 b5 51. Rf6 Qe1+ 52. Rf1 Qe5 53. Rf7+ Rxf7 54. Qxf7+ Kh6 55. Qe7 Qa1+ 56. Kh2 Qc1 57. Qe5 1-0

[Event "I'M Not A GM Speed Chess"]
[Site "Chess.com INT"]
[Date "2022.05.25"]
[Round "1.32"]
[White "Shuvalova, Polina"]
[Black "Pruess, David"]
[Result "1-0"]
[WhiteElo "2493"]
[BlackElo "2321"]
[PlyCount "63"]
[EventDate "2022.05.09"]
[EventType "k.o. (blitz)"]
[EventRounds "4"]
[EventCountry "USA"]
[SourceTitle "CBM 209 Extra"]
[Source "ChessBase"]
[SourceDate "2022.09.30"]
[SourceVersion "1"]
[SourceVersionDate "2022.09.30"]
[SourceQuality "1"]

1. e4 e5 2. Nf3 f5 3. Nc3 Nf6 4. d3 d6 5. Bg5 Be7 6. exf5 Bxf5 7. Qd2 0-0 8. 0-0-0 Nc6 9. h3 Rb8 10. Kb1 b5 11. g4 Be6 12. Bg2 b4 13. Ne2 a5 14. Nh4 Qd7 15. Nf5 Bd8 16. f4 a4 17. fxe5 Nxe5 18. Nf4 Bxf5 19. gxf5 Qxf5 20. h4 c6 21. Bh3 Nfg4 22. Rdf1 Bxg5 23. hxg5 Qxg5 24. Rhg1 h5 25. d4 Nc4 26. Qe2 d5 27. Qe6+ Kh7 28. Bxg4 Rxf4 29. Rxf4 Qxf4 30. Bf5+ Kh8 31. Qg6 Qh6 32. Qf7 1-0

[Event "I'M Not A GM Speed Chess"]
[Site "Chess.com INT"]
[Date "2022.05.25"]
[Round "1.34"]
[White "Shuvalova, Polina"]
[Black "Pruess, David"]
[Result "1-0"]
[WhiteElo "2493"]
[BlackElo "2321"]
[PlyCount "57"]
[EventDate "2022.05.09"]
[EventType "k.o. (blitz)"]
[EventRounds "4"]
[EventCountry "USA"]
[SourceTitle "CBM 209 Extra"]
[Source "ChessBase"]
[SourceDate "2022.09.30"]
[SourceVersion "1"]
[SourceVersionDate "2022.09.30"]
[SourceQuality "1"]

1. Nc3 e5 2. e4 Nc6 3. Bc4 Bc5 4. d3 d6 5. Nge2 f5 6. 0-0 Nf6 7. Na4 Bb4 8. a3 Ba5 9. b4 Bb6 10. Nxb6 axb6 11. b5 Ne7 12. f4 fxe4 13. fxe5 dxe5 14. Ng3 Qd4+ 15. Kh1 Qxa1 16. Nxe4 Nxe4 17. Bf7+ Kd8 18. dxe4+ Qd4 19. Qe2 Bd7 20. Rd1 Qd6 21. Rxd6 cxd6 22. h3 Rf8 23. Bh5 Kc7 24. Bg5 Ng6 25. Qc4+ Kb8 26. Bxg6 hxg6 27. Be7 Rf2 28. Bxd6+ Ka7 29. Qa4# 1-0

[Event "I'M Not A GM Speed Chess"]
[Site "Chess.com INT"]
[Date "2022.05.25"]
[Round "1.38"]
[White "Shuvalova, Polina"]
[Black "Pruess, David"]
[Result "1-0"]
[WhiteElo "2493"]
[BlackElo "2321"]
[PlyCount "97"]
[EventDate "2022.05.09"]
[EventType "k.o. (blitz)"]
[EventRounds "4"]
[EventCountry "USA"]
[SourceTitle "CBM 209 Extra"]
[Source "ChessBase"]
[SourceDate "2022.09.30"]
[SourceVersion "1"]
[SourceVersionDate "2022.09.30"]
[SourceQuality "1"]

1. e4 c5 2. Nf3 d6 3. d3 g6 4. Nbd2 Bg7 5. g3 Nc6 6. Bg2 e6 7. 0-0 Nge7 8. Nc4 0-0 9. a4 b6 10. Bf4 e5 11. Bg5 f6 12. Bd2 d5 13. exd5 Nxd5 14. a5 b5 15. Ne3 Be6 16. c4 Nxe3 17. Bxe3 bxc4 18. dxc4 Bxc4 19. Qxd8 Rfxd8 20. Rfc1 Bd3 21. Ne1 Rac8 22. Nxd3 Rxd3 23. Rxc5 Ne7 24. Rxc8+ Nxc8 25. Rc1 Rd8 26. b4 Bf8 27. b5 Ba3 28. Ra1 Bb2 29. Rb1 Bd4 30. b6 axb6 31. axb6 Nd6 32. Bxd4 exd4 33. Rd1 Rb8 34. b7 Nb5 35. Bc6 Nc3 36. Rd2 Kf7 37. Kg2 Ke7 38. Rxd4 Ke6 39. Rd7 Na2 40. Rxh7 Nb4 41. Bf3 Nd5 42. Bxd5+ Kxd5 43. h4 Ke6 44. Rg7 Kf5 45. f3 Rd8 46. g4+ Kf4 47. Rxg6 Rd2+ 48. Kh3 Rb2 49. Rxf6+ 1-0

[Event "Titled Tuesday intern op 30th Mar"]
[Site "Chess.com INT"]
[Date "2021.03.30"]
[Round "10"]
[White "Pruess, David"]
[Black "Koridze, Lile"]
[Result "0-1"]
[WhiteElo "2336"]
[BlackElo "2016"]
[PlyCount "62"]
[EventDate "2021.03.30"]
[EventType "swiss (blitz)"]
[EventRounds "11"]
[EventCountry "USA"]
[SourceTitle "CBM 201 Extra"]
[Source "ChessBase"]
[SourceDate "2021.05.31"]
[SourceVersion "1"]
[SourceVersionDate "2021.05.31"]
[SourceQuality "1"]

1. e4 c5 2. Nf3 d6 3. d4 cxd4 4. Nxd4 Nf6 5. Nc3 Nc6 6. Bg5 e6 7. Qd2 a6 8. 0-0-0 Bd7 9. f3 Be7 10. h4 h6 11. Be3 h5 12. Be2 Qc7 13. g4 hxg4 14. fxg4 0-0-0 15. g5 Nh5 16. Rhf1 Ne5 17. Rf2 Ng3 18. Rg1 Nxe2+ 19. Qxe2 Rxh4 20. Nf3 Nxf3 21. Qxf3 f6 22. gxf6 Bxf6 23. Bg5 Bxg5+ 24. Rxg5 Bc6 25. Rfg2 Rh1+ 26. Kd2 Qb6 27. b3 Qd4+ 28. Qd3 Qb4 29. Rxg7 Qa3 30. Re7 Qc1+ 31. Ke2 Qf1+ 0-1

[Event "Titled Tuesday intern op 30th Mar"]
[Site "Chess.com INT"]
[Date "2021.03.30"]
[Round "1"]
[White "Pruess, David"]
[Black "Ozkan, Ervin"]
[Result "1-0"]
[WhiteElo "2336"]
[BlackElo "2147"]
[PlyCount "59"]
[EventDate "2021.03.30"]
[EventType "swiss (blitz)"]
[EventRounds "11"]
[EventCountry "USA"]
[SourceTitle "CBM 201 Extra"]
[Source "ChessBase"]
[SourceDate "2021.05.31"]
[SourceVersion "1"]
[SourceVersionDate "2021.05.31"]
[SourceQuality "1"]

1. e4 e5 2. f4 exf4 3. Nf3 g5 4. d4 g4 5. Bxf4 gxf3 6. Qxf3 d5 7. Nc3 Nf6 8. Bg5 Be7 9. e5 Ne4 10. Bxe7 Qxe7 11. Nxd5 Ng5 12. Qc3 Qd8 13. Nxc7+ Kf8 14. Nxa8 Nc6 15. 0-0-0 Bg4 16. Re1 Qxa8 17. d5 Ne7 18. Bc4 b5 19. Bb3 Rg8 20. Rhf1 Bh5 21. d6 Nc8 22. Qc5 Kg7 23. d7 Nb6 24. Qe7 Rf8 25. Qxg5+ Bg6 26. e6 Nxd7 27. exd7 Rd8 28. Qf6+ Kg8 29. Qxd8+ Qxd8 30. Re8+ 1-0

[Event "Titled Tuesday intern op 23rd June"]
[Site "Chess.com INT"]
[Date "2020.06.23"]
[Round "9"]
[White "Williams, Simon Kim"]
[Black "Pruess, David"]
[Result "0-1"]
[WhiteElo "2464"]
[BlackElo "2336"]
[PlyCount "48"]
[EventDate "2020.06.23"]
[EventType "swiss (blitz)"]
[EventRounds "10"]
[EventCountry "USA"]
[SourceTitle "CBM 197 Extra"]
[Source "ChessBase"]
[SourceDate "2020.09.30"]
[SourceVersion "1"]
[SourceVersionDate "2020.09.30"]
[SourceQuality "1"]

1. d4 d5 2. Nc3 Nf6 3. Bf4 Bf5 4. f3 e6 5. g4 Bg6 6. h4 h5 7. g5 Nfd7 8. e3 a6 9. Bd3 Bxd3 10. cxd3 c5 11. dxc5 Bxc5 12. d4 Be7 13. Nge2 Qb6 14. Kf2 Nc6 15. Bg3 g6 16. Na4 Qa7 17. Rc1 0-0 18. Bc7 Rac8 19. Bb6 Nxb6 20. Nc5 Nc4 21. Nd7 Rfd8 22. Nf6+ Bxf6 23. gxf6 Nxb2 24. Rc2 Nxd1+ 0-1

[Event "IM Not A GM Speed Chess"]
[Site "Chess.com INT"]
[Date "2020.04.18"]
[Round "1.9"]
[White "Bartholomew, John"]
[Black "Pruess, David"]
[Result "1/2-1/2"]
[WhiteElo "2446"]
[BlackElo "2336"]
[PlyCount "83"]
[EventDate "2020.04.18"]
[EventType "k.o. (blitz)"]
[EventRounds "4"]
[EventCountry "USA"]
[SourceTitle "CBM 195 Extra"]
[Source "ChessBase"]
[SourceDate "2020.05.31"]
[SourceVersion "1"]
[SourceVersionDate "2020.05.31"]
[SourceQuality "1"]

1. d4 Nf6 2. Nf3 e6 3. Bg5 d5 4. Nbd2 Be7 5. e3 0-0 6. Bd3 b6 7. Ne5 Bb7 8. 0-0 Nbd7 9. f4 Ne4 10. Bxe7 Qxe7 11. Nxe4 dxe4 12. Be2 Rad8 13. c3 Nxe5 14. fxe5 c5 15. Qe1 Qg5 16. Bc4 Bd5 17. Bxd5 exd5 18. Rf4 f6 19. exf6 Rxf6 20. Rxf6 Qxf6 21. Qe2 Rf8 22. dxc5 bxc5 23. Rd1 Qf5 24. c4 dxc4 25. Qxc4+ Kh8 26. Rf1 Qxf1+ 27. Qxf1 Rxf1+ 28. Kxf1 Kg8 29. Ke2 Kf7 30. Kd2 Ke6 31. Kc3 Kd5 32. Kb3 g5 33. g4 h6 34. h3 a6 35. a3 a5 36. Kc3 c4 37. b3 cxb3 38. Kxb3 Kc5 39. Kc3 Kd5 40. Kb3 Kc5 41. Kc3 Kd5 42. Kb3 1/2-1/2

[Event "IM Not A GM Speed Chess"]
[Site "Chess.com INT"]
[Date "2020.04.18"]
[Round "1.11"]
[White "Bartholomew, John"]
[Black "Pruess, David"]
[Result "1-0"]
[WhiteElo "2446"]
[BlackElo "2336"]
[PlyCount "118"]
[EventDate "2020.04.18"]
[EventType "k.o. (blitz)"]
[EventRounds "4"]
[EventCountry "USA"]
[SourceTitle "CBM 195 Extra"]
[Source "ChessBase"]
[SourceDate "2020.05.31"]
[SourceVersion "1"]
[SourceVersionDate "2020.05.31"]
[SourceQuality "1"]

1. c4 e6 2. g3 d5 3. Bg2 Nf6 4. Nf3 c6 5. Qc2 Nbd7 6. 0-0 Bd6 7. d4 0-0 8. Nbd2 Re8 9. e4 Nxe4 10. Nxe4 dxe4 11. Qxe4 e5 12. Bg5 f6 13. Bd2 f5 14. Qc2 e4 15. Bg5 Qc7 16. Nd2 h6 17. Be3 Nf6 18. c5 Bf8 19. Bf4 Qf7 20. Nc4 Nd5 21. Be5 Be6 22. b3 Rad8 23. Qd2 Nf6 24. Nd6 Bxd6 25. Bxd6 Qh5 26. Rae1 g5 27. f3 Bd5 28. fxe4 Nxe4 29. Qb4 Nxd6 30. Bxd5+ cxd5 31. cxd6 Re2 32. Rxe2 Qxe2 33. Rxf5 Qe3+ 34. Rf2 Rf8 35. Qd2 Qxd2 36. Rxd2 Rd8 37. Rc2 Rxd6 38. Rc8+ Kf7 39. Rc7+ Ke6 40. Rxb7 Ra6 41. a4 Kf5 42. Kf2 Ke4 43. Rb4 Rb6 44. Rxb6 axb6 45. Ke2 Kxd4 46. Kd2 Ke4 47. b4 Kd4 48. a5 bxa5 49. bxa5 Kc5 50. Kc3 Kb5 51. Kd4 Kxa5 52. Kxd5 Kb4 53. Ke4 Kc3 54. Kf5 Kd4 55. Kg6 Ke3 56. Kxh6 g4 57. Kg5 Kf3 58. Kf5 Kg2 59. Kxg4 Kxh2 1-0

[Event "IM Not A GM Speed Chess"]
[Site "Chess.com INT"]
[Date "2020.04.18"]
[Round "1.13"]
[White "Bartholomew, John"]
[Black "Pruess, David"]
[Result "1-0"]
[WhiteElo "2446"]
[BlackElo "2336"]
[PlyCount "59"]
[EventDate "2020.04.18"]
[EventType "k.o. (blitz)"]
[EventRounds "4"]
[EventCountry "USA"]
[SourceTitle "CBM 195 Extra"]
[Source "ChessBase"]
[SourceDate "2020.05.31"]
[SourceVersion "1"]
[SourceVersionDate "2020.05.31"]
[SourceQuality "1"]

1. d4 Nf6 2. c4 c5 3. d5 e6 4. Nc3 exd5 5. cxd5 d6 6. e4 g6 7. f3 Bg7 8. Nge2 0-0 9. Ng3 a6 10. a4 h5 11. Bg5 Re8 12. Be2 Qb6 13. Qd2 Nh7 14. Be3 h4 15. Nf1 Nd7 16. Qc2 Ne5 17. Nd2 Qd8 18. h3 g5 19. a5 Nf8 20. f4 gxf4 21. Bxf4 Nfg6 22. Be3 Bf6 23. Nc4 Bg5 24. Bxg5 Qxg5 25. Nxd6 Qg3+ 26. Kd1 Bd7 27. Nxe8 Rxe8 28. Qd2 f5 29. Rf1 Nf4 30. Qxf4 1-0

[Event "IM Not A GM Speed Chess"]
[Site "Chess.com INT"]
[Date "2020.04.18"]
[Round "1.19"]
[White "Bartholomew, John"]
[Black "Pruess, David"]
[Result "1-0"]
[WhiteElo "2446"]
[BlackElo "2336"]
[PlyCount "63"]
[EventDate "2020.04.18"]
[EventType "k.o. (blitz)"]
[EventRounds "4"]
[EventCountry "USA"]
[SourceTitle "CBM 195 Extra"]
[Source "ChessBase"]
[SourceDate "2020.05.31"]
[SourceVersion "1"]
[SourceVersionDate "2020.05.31"]
[SourceQuality "1"]

1. Nf3 d5 2. d4 Nf6 3. c4 e6 4. Nc3 c6 5. cxd5 exd5 6. Qc2 Bd6 7. Bg5 h6 8. Bh4 0-0 9. e3 Re8 10. Bd3 Nbd7 11. 0-0 Qe7 12. Rab1 Qf8 13. a3 g6 14. b4 a6 15. Na4 Qg7 16. Nc5 g5 17. Bg3 Bxg3 18. hxg3 Nf8 19. Ne5 Ng6 20. Nxg6 fxg6 21. Bxg6 Re7 22. a4 h5 23. b5 axb5 24. axb5 h4 25. bxc6 bxc6 26. Bf5 hxg3 27. fxg3 Rxe3 28. Bxc8 Rxc8 29. Qf5 Rf8 30. Ne6 Qh6 31. Nxf8 Ne4 32. Qf7+ 1-0

[Event "IM Not A GM Speed Chess"]
[Site "Chess.com INT"]
[Date "2020.04.18"]
[Round "1.23"]
[White "Bartholomew, John"]
[Black "Pruess, David"]
[Result "1-0"]
[WhiteElo "2446"]
[BlackElo "2336"]
[PlyCount "115"]
[EventDate "2020.04.18"]
[EventType "k.o. (blitz)"]
[EventRounds "4"]
[EventCountry "USA"]
[SourceTitle "CBM 195 Extra"]
[Source "ChessBase"]
[SourceDate "2020.05.31"]
[SourceVersion "1"]
[SourceVersionDate "2020.05.31"]
[SourceQuality "1"]

1. Nf3 c5 2. c4 Nc6 3. Nc3 g6 4. g3 Bg7 5. Bg2 e6 6. 0-0 Nge7 7. e3 0-0 8. d4 cxd4 9. exd4 d5 10. c5 Nf5 11. Bg5 Qd7 12. Ne2 b6 13. Qd2 h6 14. Bf4 Ba6 15. Rfc1 Bxe2 16. Qxe2 Ncxd4 17. Nxd4 Nxd4 18. Qd2 bxc5 19. Rxc5 Rac8 20. Rac1 Nf5 21. Rc7 Rxc7 22. Rxc7 Qb5 23. Rxa7 Qxb2 24. Qxb2 Bxb2 25. a4 Bd4 26. Rb7 Ra8 27. Rb8+ Rxb8 28. Bxb8 Kf8 29. Bf1 Ke8 30. Bb5+ Kd8 31. Kg2 Kc8 32. Bf4 g5 33. Bd2 Kc7 34. Kf3 f6 35. Be1 Bc5 36. Kg4 Nd4 37. Bd3 e5 38. Kh5 e4 39. Bb1 Bf8 40. Bc3 Nf3 41. Bxf6 Nxh2 42. Bd4 Kb7 43. Ba2 Ka6 44. Bxd5 Ka5 45. Bxe4 Kxa4 46. Bg2 Kb4 47. f4 gxf4 48. gxf4 Kc4 49. Bg1 Nf1 50. Bxf1+ Kd5 51. Kg6 Ke4 52. f5 h5 53. Bh2 h4 54. Bg2+ Ke3 55. f6 Kf2 56. Bd5 h3 57. Kf7 Bc5 58. Kg8 1-0

[Event "IM Not A GM Speed Chess"]
[Site "Chess.com INT"]
[Date "2020.04.18"]
[Round "1.4"]
[White "Pruess, David"]
[Black "Bartholomew, John"]
[Result "0-1"]
[WhiteElo "2336"]
[BlackElo "2446"]
[PlyCount "86"]
[EventDate "2020.04.18"]
[EventType "k.o. (blitz)"]
[EventRounds "4"]
[EventCountry "USA"]
[SourceTitle "CBM 195 Extra"]
[Source "ChessBase"]
[SourceDate "2020.05.31"]
[SourceVersion "1"]
[SourceVersionDate "2020.05.31"]
[SourceQuality "1"]

1. e4 c5 2. Nf3 e6 3. d4 cxd4 4. Nxd4 a6 5. g3 Nf6 6. Bg2 Qc7 7. 0-0 h5 8. Re1 d6 9. Bg5 Be7 10. Nc3 Nbd7 11. Qe2 0-0 12. Rad1 Rb8 13. a4 b6 14. f4 Re8 15. e5 dxe5 16. fxe5 Nd5 17. Nxd5 exd5 18. Bf4 Bb7 19. e6 Bd6 20. exf7+ Kxf7 21. Qxh5+ Kf8 22. Ne6+ Rxe6 23. Rxe6 Bxf4 24. Rf1 Nf6 25. Rxf4 Qxf4 26. Qh8+ Kf7 27. Re7+ Kxe7 28. Qxg7+ Kd6 29. gxf4 Nd7 30. Bh3 Rd8 31. Bxd7 Rxd7 32. Qe5+ Kc5 33. h4 b5 34. axb5 axb5 35. h5 Kb6 36. h6 d4 37. Qe6+ Bc6 38. Qg6 Re7 39. h7 Re1+ 40. Kf2 Rh1 41. Qg7 Rh2+ 42. Ke1 Rh1+ 43. Kd2 Be4 0-1

[Event "IM Not A GM Speed Chess"]
[Site "Chess.com INT"]
[Date "2020.04.18"]
[Round "1.16"]
[White "Pruess, David"]
[Black "Bartholomew, John"]
[Result "0-1"]
[WhiteElo "2336"]
[BlackElo "2446"]
[PlyCount "34"]
[EventDate "2020.04.18"]
[EventType "k.o. (blitz)"]
[EventRounds "4"]
[EventCountry "USA"]
[SourceTitle "CBM 195 Extra"]
[Source "ChessBase"]
[SourceDate "2020.05.31"]
[SourceVersion "1"]
[SourceVersionDate "2020.05.31"]
[SourceQuality "1"]

1. e4 d5 2. exd5 Qxd5 3. Nc3 Qe6+ 4. Nge2 Nc6 5. d4 Qg6 6. Nf4 Qd6 7. d5 Ne5 8. Be2 a6 9. 0-0 Bf5 10. Nd3 Nxd3 11. Bxd3 Bxd3 12. Qxd3 Nf6 13. Be3 0-0-0 14. Rad1 e6 15. Qd4 exd5 16. Qa7 Qc6 17. Bf4 Bc5 0-1

[Event "IM Not A GM Speed Chess"]
[Site "Chess.com INT"]
[Date "2020.04.18"]
[Round "1.22"]
[White "Pruess, David"]
[Black "Bartholomew, John"]
[Result "1/2-1/2"]
[WhiteElo "2336"]
[BlackElo "2446"]
[PlyCount "74"]
[EventDate "2020.04.18"]
[EventType "k.o. (blitz)"]
[EventRounds "4"]
[EventCountry "USA"]
[SourceTitle "CBM 195 Extra"]
[Source "ChessBase"]
[SourceDate "2020.05.31"]
[SourceVersion "1"]
[SourceVersionDate "2020.05.31"]
[SourceQuality "1"]

1. d4 d5 2. c4 c6 3. Nc3 Nf6 4. Nf3 dxc4 5. a4 Bf5 6. e3 e6 7. Bxc4 Bb4 8. 0-0 Nbd7 9. Qe2 Bg6 10. h3 0-0 11. Bd2 a5 12. Rac1 Qe7 13. Rfd1 Rfd8 14. Nh4 Bh5 15. g4 Bg6 16. Nxg6 hxg6 17. Qf3 e5 18. Ne4 Bxd2 19. Rxd2 Nxe4 20. Qxe4 Qf6 21. Rcd1 exd4 22. Rxd4 Re8 23. Qf4 Ne5 24. Kg2 Nxc4 25. Rxc4 Rad8 26. Qxf6 gxf6 27. Rcd4 Rxd4 28. Rxd4 Re7 29. Kf3 Kg7 30. Rc4 Rd7 31. Rc5 Rd2 32. b3 Rb2 33. Rxa5 Rxb3 34. Ra7 g5 35. a5 Rb5 36. a6 bxa6 37. Rxa6 Rc5 1/2-1/2